书目信息 |
| 题名: |
分子振动光谱学原理与研究
|
|
| 作者: | 吴国祯 编著 | |
| 分册: | ||
| 出版信息: | 北京 清华大学出版社 2001.11 |
|
| 页数: | 250页 | |
| 开本: | 20cm | |
| 丛书名: | ||
| 单 册: | ||
| 中图分类: | O561.3 | |
| 科图分类: | ||
| 主题词: | 分子物理学 , 原子物理学 | |
| 电子资源: | ||
| ISBN: | 7-302-04995-5 | |
| 000 | 00611nam0 2200205 45 | |
| 001 | 0257678506 | |
| 005 | 20051214162758.72 | |
| 010 | @a7-302-04995-5@dRMB 23.00 | |
| 100 | @a20021122d2001 km y0chiy0120 ea | |
| 101 | 0 | @achi |
| 102 | @aCN@b110000 | |
| 200 | 1 | @a分子振动光谱学原理与研究@Afen zi zhen dong guang pu xue yuan li yu yan jiu@f吴国祯编著@Fwu guo zhen bian zhu |
| 210 | @a北京@c清华大学出版社@d2001.11 | |
| 215 | @a250页@d20cm | |
| 606 | 0 | @a分子物理学 |
| 606 | 0 | @a原子物理学 |
| 690 | @aO561.3@v3 | |
| 701 | 0 | @a吴国祯@Awu guo zhen@4编著 |
| 801 | 0 | @aCN@bPFT@c20051214 |
| 905 | @a10447@dO561.3@eW780 | |
| 分子振动光谱学原理与研究/吴国祯编著.-北京:清华大学出版社,2001.11 |
| 250页;20cm |
| ISBN 7-302-04995-5:RMB 23.00 |
| ● |
| 相关链接 |
|
|
|
正题名:分子振动光谱学原理与研究
索取号:O561.3/W780
 
预约/预借
| 序号 | 登录号 | 条形码 | 馆藏地/架位号 | 状态 | 备注 |
| 1 | 360964 | 203609648 | 自科库401/401自科库 59排6列5层/ [索取号:O561.3/W780] | 在馆 | |
| 2 | 360965 | 203609657 | 自科库401/401自科库 59排6列5层/ [索取号:O561.3/W780] | 在馆 | |
| 3 | 360966 | 203609666 | 自科库401/401自科库 59排6列5层/ [索取号:O561.3/W780] | 在馆 | |
| 4 | 548702 | 205487025 | 自科库401/401自科库 59排6列5层/ [索取号:O561.3/W780] | 在馆 | |
| 5 | 548703 | 205487034 | 自科库401/401自科库 59排6列5层/ [索取号:O561.3/W780] | 在馆 | |
| 6 | 548704 | 205487043 | 自科库401/401自科库 59排6列5层/ [索取号:O561.3/W780] | 在馆 |